| 000 | 00805nam a2200241 4500 | ||
|---|---|---|---|
| 003 | OSt | ||
| 005 | 20240610055913.0 | ||
| 006 | a | ||
| 008 | 240610b |||||||| |||| 00| 0 eng d | ||
| 020 | _a0805380701 | ||
| 040 |
_aDWCL-HMN lib. _cOC |
||
| 082 |
_2sixth edition _aCirc. 610.73 OL44m 2000 |
||
| 100 | _aOlds, Sally B. | ||
| 245 | _aMaternal-newborn nursing : a family and community-based approach / | ||
| 250 | _asixth edition | ||
| 260 |
_aNew Jersey : _bPrentice-Hall, _cc2000. |
||
| 300 |
_axii, _b1090 p. : col. ill. ; _c28 cm. |
||
| 504 | _aIncludes bibliographical references. | ||
| 650 | _a1. Maternity nursing–Handbooks, manuals, etc. | ||
| 650 | _a2. Community health nursing–Handbooks, manuals, etc. | ||
| 700 | _aSally B Olds | ||
| 942 |
_2ddc _n0 _cBK-CIRC _esixth edition _kCirc. |
||
| 999 |
_c462 _d462 |
||